000
00357nam a2200133Ia 4500
008
231129s2000||||xx |||||||||||||| ||spa||
020
_a
1-56259-032-4
040
_b
spa
082
_a
R 036 A445 2001
245
0
_a
Almanaque mundial 2001: hacia un nuevo siglo
260
_c
2000
264
_a
Televisa
942
_2
ddc
_c
BKS
999
_c
4840
_d
4840